Fr. Conceicao Rodrigues College of Engineering

Introduction to College Physics (Record no. 29505)

MARC details
000 -LEADER
fixed length control field 00282nam a2200121Ia 4500
100 ## - MAIN ENTRY--PERSONAL NAME
Personal name White/Harvey
245 ## - TITLE STATEMENT
Title Introduction to College Physics
260 ## - PUBLICATION, DISTRIBUTION, ETC.
Name of publisher, distributor, etc. D''Van Nostrand- Reinhold Co
Place of publication, distribution, etc. Newyork
Date of publication, distribution, etc. 1968
300 ## - PHYSICAL DESCRIPTION
Extent 791
546 ## - LANGUAGE NOTE
Language note ENGLISH
654 ## - SUBJECT ADDED ENTRY--FACETED TOPICAL TERMS
Focus term College
942 ## - ADDED ENTRY ELEMENTS (KOHA)
Koha item type BOOK
Holdings
Withdrawn status Lost status Damaged status Not for loan Collection Home library Current library Date acquired Total Checkouts Full call number Barcode Date last seen Price effective from Koha item type
        AFT Fr. Agnel's C.Rodrigues College of Engineering Fr. Agnel's C.Rodrigues College of Engineering 17/03/2023   AFT1542 17/03/2023 17/03/2023 BOOK